Statistics for Florida Panthers Captains

Click here to take the quiz!

General Stats

  • This quiz has been taken 9 times
  • The average score is 5 of 10

Answer Stats

YearsAnswer% Correct
2019-CurrentAleksander Barkov
88%
2013-14Ed Jovanovski
75%
1998-01Scott Mellanby
75%
2002Pavel Bure
63%
2004-08Olli Jokinen
50%
2010-11Bryan McCabe
38%
2017-18Derek MacKenzie
38%
1994-97Brian Skrudland
25%
2015-16Willie Mitchell
25%
2002Paul Laus
0%

Score Distribution

Percentile by Number Answered

Percent of People with Each Score

Your Score History

You have not taken this quiz